<?xml version="1.0" encoding="UTF-8"?>
<record
    xmlns:xsi="http://www.w3.org/2001/XMLSchema-instance"
    xsi:schemaLocation="http://www.loc.gov/MARC21/slim http://www.loc.gov/standards/marcxml/schema/MARC21slim.xsd"
    xmlns="http://www.loc.gov/MARC21/slim">

  <leader>00661nab a2200205 uc4500</leader>
  <controlfield tag="001">757116</controlfield>
  <controlfield tag="005">20240201182857.0</controlfield>
  <controlfield tag="008">020625s1873                        spa  </controlfield>
  <datafield tag="035" ind1=" " ind2=" ">
    <subfield code="a">757116</subfield>
  </datafield>
  <datafield tag="035" ind1=" " ind2=" ">
    <subfield code="a">(OCoLC)819977071</subfield>
  </datafield>
  <datafield tag="040" ind1=" " ind2=" ">
    <subfield code="c">comduadb</subfield>
  </datafield>
  <datafield tag="041" ind1=" " ind2=" ">
    <subfield code="a">spa</subfield>
  </datafield>
  <datafield tag="245" ind1="1" ind2="0">
    <subfield code="a">Dios, el hombre y la sociedad</subfield>
  </datafield>
  <datafield tag="650" ind1=" " ind2=" ">
    <subfield code="a">Hombre y religion</subfield>
    <subfield code="9">96768</subfield>
  </datafield>
  <datafield tag="650" ind1=" " ind2=" ">
    <subfield code="a">Amor a Dios</subfield>
    <subfield code="9">53195</subfield>
  </datafield>
  <datafield tag="650" ind1=" " ind2=" ">
    <subfield code="a">Hombre y sociedad</subfield>
    <subfield code="9">95973</subfield>
  </datafield>
  <datafield tag="650" ind1=" " ind2=" ">
    <subfield code="a">Fe en Dios</subfield>
    <subfield code="9">2545</subfield>
  </datafield>
  <datafield tag="773" ind1="0" ind2=" ">
    <subfield code="t">El Oasis : Peri&#xF3;dico Literario (Medell&#xED;n)</subfield>
    <subfield code="g">El  Oasis : Volumen 03, N&#xFA;meros 01-24, Enero - Junio 1873, Vol. 03, No. 04, Ene. 25, 1873, p. 31-32</subfield>
    <subfield code="w">726662</subfield>
    <subfield code="0">236483</subfield>
  </datafield>
  <datafield tag="942" ind1=" " ind2=" ">
    <subfield code="c">ARIMP</subfield>
  </datafield>
  <datafield tag="999" ind1=" " ind2=" ">
    <subfield code="c">243908</subfield>
    <subfield code="d">243908</subfield>
  </datafield>
</record>
